[Event "Women's Speed Chess Q3"]
[Site "chess.com INT"]
[Date "2021.05.30"]
[Round "11"]
[White "Zakirova, Aisha"]
[Black "Novikova, Anna"]
[Result "1-0"]
[WhiteTitle "WCM"]
[BlackTitle "WIM"]
[WhiteElo "1585"]
[BlackElo "2247"]
[WhiteFideId "13719734"]
[BlackFideId "4146794"]
[EventDate "2021.05.30"]

1. d4 Nf6 2. c4 g6 3. Nc3 d5 4. Bg5 Ne4 5. Bh4 Nxc3 6. bxc3 dxc4 7. e3 Be6 8.
Qb1 Qc8 9. Nf3 c6 10. a4 h6 11. Ne5 Nd7 12. Nxc4 Bg7 13. Be2 Rb8 14. O-O b5 15.
axb5 cxb5 16. Na5 a6 17. Qb4 Nf6 18. e4 O-O 19. d5 Bd7 20. Bf3 Re8 21. e5 Nh5
22. Bxh5 gxh5 23. Rfe1 Bf5 24. Rac1 Bg6 25. Nc6 Rb7 26. Nxe7+ Rbxe7 27. Bxe7 Qd7
28. Bf6 Bxf6 29. exf6 Rd8 30. c4 bxc4 31. Qxc4 Kh7 32. Rcd1 a5 33. h3 h4 34. Re7
Qf5 35. Qxh4 Rxd5 36. Rxd5 Qxd5 37. Re1 Qb3 38. Qd4 a4 39. Qd6 Qc3 40. Rf1 a3
41. Qf8 Qxf6 42. Qxa3 Qg5 43. Qg3 Qf6 44. Qf3 Kg7 45. Qxf6+ Kxf6 46. f4 Kg7 47.
g4 Be4 48. Kf2 f5 49. Ke3 Kf6 50. Rg1 Bc2 51. g5+ hxg5 52. fxg5+ Kg6 53. Kf4 1-0

[Event "Women's Speed Chess Q3"]
[Site "chess.com INT"]
[Date "2021.05.30"]
[Round "11"]
[White "Priyanka, K"]
[Black "Kanyamarala, Trisha"]
[Result "1-0"]
[WhiteTitle "WIM"]
[BlackTitle "WIM"]
[WhiteElo "2218"]
[BlackElo "2180"]
[WhiteFideId "5082986"]
[BlackFideId "45004722"]
[EventDate "2021.05.30"]

1. e4 c5 2. Nf3 d6 3. d4 cxd4 4. Nxd4 Nf6 5. Nc3 Nc6 6. Be2 e6 7. O-O Be7 8. Be3
O-O 9. f4 a6 10. a4 Qc7 11. Kh1 b6 12. Bf3 Bb7 13. g4 Nxd4 14. Qxd4 Nd7 15. Qd2
f5 16. gxf5 exf5 17. Nd5 Qd8 18. exf5 Rb8 19. Nxe7+ Qxe7 20. Bxb7 Rxb7 21. Qd5+
Rf7 22. Qxb7 Qxe3 23. Qf3 Qd4 24. Rad1 Qc5 25. c3 h6 26. Rde1 Nf6 27. Re6 Qc4
28. Rxd6 Qxa4 29. Rd8+ Kh7 30. Qg3 Qe4+ 31. Kg1 Qxf5 32. Re1 Nh5 33. Qf3 Rf6 34.
Re5 Rg6+ 35. Kf2 Qc2+ 36. Re2 Qf5 37. Qe4 Qh3 38. Rd6 Qxh2+ 39. Ke1 Qg1+ 40. Kd2
Qg4 41. Rxg6 Qxg6 42. Qxg6+ Kxg6 43. Re6+ Kf5 44. Rxb6 Nxf4 45. Rxa6 h5 46. Ra7
g5 47. b4 g4 48. b5 g3 49. b6 g2 50. Ra1 Nd5 51. b7 h4 52. b8=Q h3 53. Qf8+ Nf6
54. Ra5+ 1-0

[Event "Women's Speed Chess Q3"]
[Site "chess.com INT"]
[Date "2021.05.30"]
[Round "11"]
[White "Dwilewicz, Katarzyna"]
[Black "Havanecz, Bianka"]
[Result "1-0"]
[WhiteTitle "WFM"]
[BlackTitle "WIM"]
[WhiteElo "2092"]
[BlackElo "2257"]
[WhiteFideId "1148486"]
[BlackFideId "704814"]
[EventDate "2021.05.30"]

1. e4 c6 2. d4 d5 3. Nc3 dxe4 4. Nxe4 Nf6 5. Nxf6+ exf6 6. c3 Bd6 7. Bd3 O-O 8.
Qc2 Re8+ 9. Ne2 h5 10. Be3 Nd7 11. O-O-O Nf8 12. Kb1 a5 13. c4 a4 14. Rhe1 a3
15. b3 Be6 16. Nf4 Bxf4 17. Bxf4 Qb6 18. f3 Rad8 19. c5 Qa5 20. Bd6 b6 21. Qd2
Qa7 22. Be4 bxc5 23. dxc5 Qb7 24. Qf4 Bxb3 25. Ka1 Bxd1 26. Qd2 Ba4 27. Rb1 Qd7
28. Rb4 Bb5 29. Rb3 f5 30. Bb1 Qe6 31. Rxa3 Qf6+ 32. Qb2 Qxb2+ 33. Kxb2 Re2+ 34.
Kc3 Rxg2 35. Ra7 Rg1 36. Bxf5 Ne6 37. a4 Be2 38. Be4 Rf1 39. Bxc6 Bxf3 40. Bb5
Rf2 41. a5 Rc8 42. Kb4 Rxh2 43. a6 Rb2+ 44. Ka4 Bd1+ 45. Ka5 Nd4 46. Rb7 Rxb5+
47. Rxb5 Nxb5 48. Kxb5 Be2+ 49. Kb6 h4 50. a7 Bf3 51. Bc7 h3 52. c6 Bxc6 53.
Kxc6 Re8 54. Bb8 Re6+ 55. Kb5 Re5+ 56. Bxe5 f6 57. Bh2 1-0

[Event "Women's Speed Chess Q3"]
[Site "chess.com INT"]
[Date "2021.05.30"]
[Round "11"]
[White "Zawadzka, Jolanta"]
[Black "Gevorgyan, Maria"]
[Result "0-1"]
[WhiteTitle "WGM"]
[BlackTitle "WGM"]
[WhiteElo "2399"]
[BlackElo "2219"]
[WhiteFideId "1122320"]
[BlackFideId "13300270"]
[EventDate "2021.05.30"]

1. e4 c5 2. Nf3 Nc6 3. Nc3 g6 4. Bb5 Bg7 5. O-O Nf6 6. Re1 d6 7. Bxc6+ bxc6 8.
d4 cxd4 9. Nxd4 Bb7 10. Bg5 O-O 11. Qd2 c5 12. Nf3 Qb6 13. Rab1 Ng4 14. Bxe7
Rfe8 15. Bh4 c4 16. h3 Ne5 17. Nxe5 Bxe5 18. Kh1 Rac8 19. f4 Bg7 20. Bf2 Qa5 21.
Qxd6 Bxc3 22. bxc3 Bxe4 23. Bd4 Qf5 24. Re3 Rcd8 25. Qc7 Bxc2 26. Rbe1 Ba4 27.
Rxe8+ Rxe8 28. Rxe8+ Bxe8 29. Qxa7 Qxf4 30. Qe7 Qf1+ 31. Kh2 Qf4+ 32. Kg1 Qc1+
33. Kf2 Qf4+ 34. Kg1 Qc1+ 35. Kh2 Qf4+ 36. g3 Qd2+ 37. Kg1 Qd1+ 38. Kg2 Bc6+ 39.
Kf2 Qd2+ 40. Kf1 Qg2+ 41. Ke1 Qh1+ 42. Kd2 Qg2+ 43. Kc1 Qf1+ 44. Kb2 Qg2+ 45.
Ka3 Qe4 46. Qf6 Kf8 47. Qd6+ Kg8 48. Qd8+ Qe8 49. Qf6 Qa8+ 50. Kb2 Qb7+ 51. Kc1
Kf8 52. Qg7+ Ke7 53. Qe5+ Kf8 54. Qc5+ Ke8 55. Qxc4 Be4 56. Qe2 Qb1+ 57. Kd2
Qxa2+ 58. Ke3 Qe6 59. Kf2 Qf5+ 60. Kg1 Kd7 61. Kh2 Bd5 62. c4 Be6 0-1

[Event "Women's Speed Chess Q3"]
[Site "chess.com INT"]
[Date "2021.05.30"]
[Round "11"]
[White "Dauletova, Gulmira"]
[Black "Alboredo, Julia"]
[Result "1-0"]
[WhiteTitle "WGM"]
[BlackTitle "WFM"]
[WhiteElo "2285"]
[BlackElo "2182"]
[WhiteFideId "13702971"]
[BlackFideId "2124807"]
[EventDate "2021.05.30"]

1. e4 c5 2. Nf3 d6 3. d4 cxd4 4. Qxd4 a6 5. c4 Nc6 6. Qe3 g6 7. Nc3 Bh6 8. Qd3
Bg7 9. Be2 Nf6 10. O-O O-O 11. h3 Nd7 12. Rb1 Nde5 13. Nxe5 Nxe5 14. Qc2 Be6 15.
b3 Rc8 16. Bb2 b5 17. cxb5 axb5 18. Bxb5 Qb6 19. Be2 Nc6 20. Qd2 Nd4 21. Bd3
Bxh3 22. Nd5 Qa7 23. Bxd4 Bxd4 24. gxh3 Qd7 25. Qg5 Qxh3 26. Nxe7+ Kg7 27. Nxc8
Rxc8 28. Bc4 Be5 29. Qg2 Qh4 30. Rfd1 Ra8 31. a4 g5 32. Kf1 g4 33. Ke2 Qg5 34.
Rg1 h5 35. f3 Bd4 36. fxg4 Qe3+ 37. Kf1 Qf4+ 38. Ke2 Qe3+ 39. Kd1 h4 40. Re1 Qf4
41. Rf1 Qe3 42. Rxf7+ Kg6 43. Qf1 Qg5 44. Qf5+ Qxf5 45. gxf5+ Kg5 46. Ke2 Kf4
47. Kd3 Be5 48. Rh7 Kg5 49. Rf1 Rh8 50. Rg1+ Kf4 51. Rxh8 Bxh8 52. a5 Be5 53. a6
h3 54. a7 h2 55. Rh1 Kg3 56. Rxh2 Kxh2 57. a8=Q Kg3 58. Qg8+ Kf4 59. Qg6 d5 60.
exd5 Bd4 61. f6 Bxf6 62. Qxf6+ Kg4 63. d6 Kh5 64. d7 Kg4 65. d8=Q Kh5 66. Qdh8+
Kg4 67. Qhg7+ 1-0

[Event "Women's Speed Chess Q3"]
[Site "chess.com INT"]
[Date "2021.05.30"]
[Round "11"]
[White "Purtseladze, Maka"]
[Black "Narva, Mai"]
[Result "1-0"]
[WhiteTitle "IM"]
[BlackTitle "WIM"]
[WhiteElo "2274"]
[BlackElo "2276"]
[WhiteFideId "13602659"]
[BlackFideId "4500512"]
[EventDate "2021.05.30"]

1. b3 e5 2. Bb2 Nc6 3. e3 Nf6 4. Bb5 d6 5. Bxc6+ bxc6 6. Ne2 c5 7. d4 cxd4 8.
exd4 exd4 9. Nxd4 Bb7 10. O-O Be7 11. Nf5 O-O 12. Re1 Re8 13. Nxe7+ Rxe7 14. Nd2
d5 15. Nf3 c5 16. Be5 d4 17. Qd3 h6 18. h3 Nd5 19. Qc4 Rc8 20. Bg3 Nc3 21. Rxe7
Qxe7 22. Re1 Qf6 23. Ne5 Re8 24. f3 h5 25. Nd7 Rxe1+ 26. Bxe1 Qe7 27. Bxc3 Qxd7
28. Bd2 Qe7 29. Kf2 Qe5 30. Qb5 Bd5 31. Qxc5 h4 32. Qc8+ Kh7 33. Qg4 Qf6 34. Bg5
Qc6 35. Qxh4+ Kg8 36. Bd2 Qxc2 37. Qd8+ Kh7 38. Qh4+ Kg8 39. Qxd4 Be6 40. b4
Qxa2 41. g4 Qc4 42. Qxa7 Qc2 43. Qe3 Qb2 44. h4 Bd5 45. h5 Be6 46. Kg3 Qf6 47.
Bc3 Qe7 48. Qd4 f6 49. b5 Qb7 50. b6 Qc8 51. Bb4 Bc4 52. Qd6 Ba6 53. Qc7 Bb7 54.
Qxc8+ Bxc8 55. Bd6 Kf7 56. Bc7 Ke6 57. Kf4 Kf7 58. Bd6 g6 59. h6 g5+ 60. Ke4
Bb7+ 61. Ke3 Kg8 62. f4 gxf4+ 63. Kxf4 Bc8 64. g5 fxg5+ 65. Kxg5 Kh7 66. Bf8 Kg8
67. Bg7 Kf7 68. Be5 Kg8 69. Kf6 Kh7 70. Bf4 Kg8 71. Ke7 Bb7 72. Kd8 Be4 73. Kc7
Kh7 74. b7 Bxb7 75. Kxb7 1-0

[Event "Women's Speed Chess Q3"]
[Site "chess.com INT"]
[Date "2021.05.30"]
[Round "11"]
[White "Batsiashvili, Nino"]
[Black "Vargas, Gabriela"]
[Result "1-0"]
[WhiteTitle "GM"]
[BlackTitle "WIM"]
[WhiteElo "2491"]
[BlackElo "2170"]
[WhiteFideId "13602993"]
[BlackFideId "3700860"]
[EventDate "2021.05.30"]

1. d4 d5 2. Nf3 c6 3. Bf4 Qb6 4. e3 Qxb2 5. Nbd2 Nf6 6. Bd3 e6 7. O-O Qa3 8. c4
Bd6 9. Qc2 Bxf4 10. exf4 O-O 11. Ne5 Nbd7 12. c5 Qa5 13. Ndf3 h6 14. Rab1 Nxe5
15. fxe5 Nd7 16. Rb3 b6 17. cxb6 axb6 18. Qxc6 Qxa2 19. Qc3 Qa5 20. Qb2 Qa2 21.
Qc3 Qa5 22. Qc2 Ba6 23. Rfb1 Bxd3 24. Qxd3 Rfc8 25. h4 Qa6 26. Qe3 Qc4 27. h5
Nf8 28. Rxb6 Ra2 29. Rb7 Qc2 30. Rf1 Rc3 31. Qf4 Qf5 32. Qxf5 exf5 33. Rb5 Ne6
34. Rxd5 Nf4 35. Rd8+ Kh7 36. d5 Nh3+ 37. gxh3 Rxf3 38. Kg2 Rf4 39. Rd7 Re4 40.
Rxf7 Rxe5 41. Rd7 Rd2 42. Kf3 Rexd5 43. Rxd5 Rxd5 44. Kf4 Rd3 45. f3 Rd5 46. Re1
Kg8 47. Re6 Kf7 48. Re5 Rd1 49. Kxf5 Rh1 50. Ra5 Rxh3 51. Ra7+ Kf8 52. f4 Rxh5+
53. Kg6 Rh4 54. Rf7+ Ke8 55. Rf5 Rg4+ 56. Kh7 h5 57. Kg8 h4 58. Re5+ Kd7 59. f5
h3 60. Re3 Rh4 61. Re1 h2 62. Rh1 Rf4 63. Kxg7 Rxf5 64. Rxh2 Rd5 65. Rh7 Kd6 66.
Kf6 Rd4 67. Rh8 Kc5 68. Rc8+ Kd5 69. Rd8+ Kc4 70. Rc8+ Kd3 71. Ke5 Re4+ 72. Kd5
Rc4 73. Rxc4 1-0

[Event "Women's Speed Chess Q3"]
[Site "chess.com INT"]
[Date "2021.05.30"]
[Round "11"]
[White "Pandey, Srishti"]
[Black "Putri, Regita Desyari"]
[Result "1-0"]
[WhiteTitle "WFM"]
[BlackTitle "WFM"]
[WhiteElo "2026"]
[BlackElo "1897"]
[WhiteFideId "35093290"]
[BlackFideId "7109083"]
[EventDate "2021.05.30"]

1. d4 Nf6 2. c4 e6 3. Nf3 d5 4. g3 Be7 5. Bg2 O-O 6. O-O b6 7. Qc2 Bb7 8. b3
Nbd7 9. Rd1 Re8 10. Bb2 Nf8 11. Nc3 Ng6 12. Ne5 Bd6 13. Nb5 a6 14. Nxd6 cxd6 15.
Nxg6 hxg6 16. Rac1 Rc8 17. Qb1 Qd7 18. e3 dxc4 19. Bxb7 Qxb7 20. bxc4 Qe4 21.
Qxe4 Nxe4 22. f3 Nf6 23. Ba3 d5 24. c5 Rc6 25. cxb6 Rxb6 26. Rc2 Reb8 27. Rdd2
Rb1+ 28. Kf2 Rh1 29. Kg2 Rbb1 30. Rb2 Rbf1 31. Be7 Rhg1+ 32. Kh3 Rxf3 33. Re2 g5
34. Bxf6 gxf6 35. Kg4 Rgf1 36. h4 gxh4 37. Kxh4 Kg7 38. Kh3 Kg6 39. Kg2 Rf5 40.
Rb8 Ra1 41. Rg8+ Kh7 42. Ra8 Rff1 43. Rxa6 Rg1+ 44. Kf3 Kg6 45. Kg4 f5+ 46. Kf4
Kf6 47. Rf2 Raf1 48. Kf3 Rxf2+ 49. Kxf2 Ra1 50. a4 Kg5 51. Ra8 Ra2+ 52. Kf3 Kf6
53. a5 Ra1 54. a6 Rf1+ 55. Ke2 Ra1 56. a7 Ra2+ 57. Kf3 Ra5 58. g4 Ke7 59. gxf5
exf5 60. Kf4 Ra3 61. Kxf5 Ra6 62. Ke5 Ra5 63. e4 dxe4+ 64. Kxe4 Kd7 65. Rf8 Ke7
66. a8=Q Rxa8 67. Rxa8 1-0

[Event "Women's Speed Chess Q3"]
[Site "chess.com INT"]
[Date "2021.05.30"]
[Round "11"]
[White "Golubeva, Oksana"]
[Black "Agrest, Inna"]
[Result "1-0"]
[WhiteTitle "WFM"]
[BlackTitle "WIM"]
[WhiteElo "2179"]
[BlackElo "2285"]
[WhiteFideId "4170164"]
[BlackFideId "1708830"]
[EventDate "2021.05.30"]

1. Nf3 Nf6 2. b3 g6 3. Bb2 Bg7 4. g3 O-O 5. Bg2 d6 6. d4 Nbd7 7. O-O c5 8. dxc5
Nxc5 9. Nbd2 Bf5 10. Nc4 Rc8 11. Nd4 Bd7 12. a4 a5 13. h3 b6 14. e3 Nxa4 15.
Rxa4 Bxa4 16. Nxd6 Qxd6 17. bxa4 Rfd8 18. Qf3 e5 19. Nb5 Qe6 20. Qb7 Rxc2 21.
Bc3 h5 22. Nc7 Qd7 23. Qxb6 Rxc3 24. Nb5 Rc2 25. Qxa5 h4 26. gxh4 e4 27. Nd4 Rc7
28. Qb5 Qxb5 29. axb5 Rb7 30. Rc1 Rdb8 31. Rc6 Rxb5 32. Nxb5 Rxb5 33. Rc8+ Kh7
34. Rc7 Kg8 35. Bf1 Rh5 36. Bc4 Rxh4 37. Rxf7 Kh8 38. Re7 Kh7 39. Kg2 Rh5 40.
Be2 Rg5+ 41. Kf1 Nd5 42. Rxe4 Nc3 43. Rh4+ Kg8 44. Bd3 Kf8 45. Rf4+ Ke7 46. h4
Re5 47. Bxg6 Nd5 48. Rf7+ Ke6 49. Rxg7 Nf6 50. Ra7 Ng4 51. Ra6+ Ke7 52. h5 Rg5
53. Ke2 Nf6 54. f4 Rg2+ 55. Kf3 Rh2 56. Ra7+ Ke6 57. e4 Nxh5 58. Ra6+ Ke7 59. f5
Nf6 60. Kg3 Re2 61. Ra7+ Kd6 62. Ra6+ Ke7 63. Re6+ Kd7 64. Rxf6 Rxe4 65. Kf3 Re1
66. Kf4 Ke7 67. Rf7+ Kd6 68. Kg5 Rg1+ 69. Kf6 Rf1 70. Rf8 Rg1 71. Rd8+ Kc5 72.
Rd2 Rf1 73. Kf7 Kc6 74. f6 Kc7 75. Be4 Kc8 76. Ke7 Rf4 77. Rd4 Rf1 78. f7 Kc7
79. f8=Q 1-0

[Event "Women's Speed Chess Q3"]
[Site "chess.com INT"]
[Date "2021.05.30"]
[Round "11"]
[White "Linares Napoles, Oleiny"]
[Black "Morris-Suzuki, Sophie"]
[Result "0-1"]
[WhiteTitle "WGM"]
[BlackTitle "WFM"]
[WhiteElo "2255"]
[BlackElo "2043"]
[WhiteFideId "3504794"]
[BlackFideId "30922615"]
[EventDate "2021.05.30"]

1. d4 d5 2. Nf3 Nf6 3. b3 c5 4. e3 Bf5 5. Bb2 e6 6. Nbd2 Nc6 7. a3 Rc8 8. Bb5
Bd6 9. O-O O-O 10. Ne5 Qc7 11. f4 cxd4 12. exd4 Qb6 13. Bxc6 bxc6 14. Rc1 c5 15.
dxc5 Bxc5+ 16. Kh1 Be3 17. h3 Ne4 18. Nxe4 Bxe4 19. Qg4 Bf5 20. Qg3 f6 21. Nd7
Bxc1 22. Nxb6 Bxb2 23. Nxc8 Rxc8 24. c4 Bxa3 25. cxd5 exd5 26. Rd1 Be4 27. Qg4
Rc2 28. Qe6+ Kf8 29. Rxd5 Bxg2+ 30. Kg1 Bxd5 31. Qxd5 Be7 32. Qa8+ Kf7 33. Qd5+
Kf8 34. Kf1 Bc5 35. Qf5 Rf2+ 36. Ke1 Bb6 37. Qxh7 Rxf4 38. Qd3 Rd4 39. Qf5 Kf7
40. Ke2 Rd6 41. Qb5 Re6+ 42. Kd3 Re7 43. Qd5+ Kf8 44. Kc4 Ke8 45. Qg8+ Kd7 46.
Kb5 Kc7 47. Ka6 Rd7 48. Qc4+ Kd8 49. Qe4 Re7 50. Qf5 Ke8 51. Qg6+ Kd7 52. Qf5+
Ke8 53. Qg6+ Kd7 54. Qd3+ Ke6 55. Qc4+ Kd7 56. Qd5+ Ke8 57. Qh5+ Kd7 58. Qg4+
Kd6 59. Qg3+ Kd7 60. Qg4+ Kd6 61. Qb4+ Kd7 62. Qc4 Ke8 63. Qg8+ Kd7 64. Qd5+ Ke8
65. Qc6+ Kf7 66. Qc4+ Kf8 67. Qc8+ Kf7 68. Qc4+ Ke8 69. Qg4 Kf8 70. Qc8+ Kf7 71.
Qg4 Ke8 72. Qc4 Kf8 73. Kb5 Ke8 74. Kc6 Rc7+ 75. Kd5 Rxc4 76. bxc4 Kd7 77. c5
Bc7 78. c6+ Ke7 79. Kc5 f5 80. Kb5 Kd6 81. Ka6 Kxc6 82. Kxa7 f4 83. Ka6 f3 84.
Ka7 f2 85. Ka8 f1=Q 86. Ka7 Qa1# 0-1

[Event "Women's Speed Chess Q3"]
[Site "chess.com INT"]
[Date "2021.05.30"]
[Round "11"]
[White "Rakshitta, Ravi"]
[Black "Li, Xueyi"]
[Result "0-1"]
[WhiteTitle "WIM"]
[BlackTitle "WGM"]
[WhiteElo "2190"]
[BlackElo "2328"]
[WhiteFideId "25073230"]
[BlackFideId "8605912"]
[EventDate "2021.05.30"]

1. e4 c6 2. d4 d5 3. Nc3 dxe4 4. Nxe4 Nf6 5. Nxf6+ exf6 6. c3 Bd6 7. Bd3 O-O 8.
Ne2 Re8 9. Qc2 h5 10. O-O Qc7 11. h3 Nd7 12. Bh7+ Kh8 13. Bf5 Nf8 14. c4 g6 15.
c5 Bxf5 16. Qd2 Be7 17. Qh6+ Nh7 18. Ng3 Bf8 19. Qd2 Be6 20. f4 Bd5 21. f5 Qxg3
22. fxg6 fxg6 23. Qc2 Bg7 24. Bf4 Qxg2+ 25. Qxg2 Bxg2 26. Kxg2 Re2+ 27. Kf3 Rxb2
28. Rfe1 g5 29. Bd6 f5 30. Re7 Bxd4 31. h4 Rf2+ 32. Kg3 gxh4+ 33. Kxh4 Bf6+ 34.
Kxh5 Bxe7 35. Bxe7 Re8 36. Bd6 Nf6+ 37. Kg6 Ne4 38. Rh1+ Kg8 39. Rg1 Nxd6 40.
cxd6 Rf4 41. Kf6+ Kf8 42. Rh1 Kg8 43. Rg1+ Rg4 44. Rd1 Rd8 45. Ke7 Rxd6 46. Kxd6
f4 47. Kc7 Rg7+ 48. Kd6 Rf7 49. Rg1+ Kf8 50. Ke5 f3 51. Ke4 f2 52. Rf1 c5 53.
Ke3 b5 54. Ke2 c4 55. a3 a5 56. Rxf2 Rxf2+ 57. Kxf2 b4 58. axb4 axb4 59. Ke3 b3
60. Kd2 b2 61. Kc2 c3 62. Kb1 Ke7 63. Ka2 Kd6 64. Kb1 Kc5 65. Kc2 Kb4 66. Kb1
Kc4 67. Kc2 b1=Q+ 68. Kxb1 Kb3 69. Kc1 c2 70. Kd2 Kb2 71. Kd3 c1=Q 72. Ke4 Qc3
73. Kf5 Qd4 74. Ke6 Qc5 75. Kf7 Qd6 76. Kg7 Qe6 77. Kh7 Kc3 78. Kh8 Qe7 79. Kg8
Kd4 80. Kh8 0-1

[Event "Women's Speed Chess Q3"]
[Site "chess.com INT"]
[Date "2021.05.30"]
[Round "11"]
[White "Luong, Phuong Hanh"]
[Black "Zhai, Mo"]
[Result "1-0"]
[WhiteTitle "WIM"]
[BlackTitle "WGM"]
[WhiteElo "2229"]
[BlackElo "2366"]
[WhiteFideId "12401013"]
[BlackFideId "8600201"]
[EventDate "2021.05.30"]

1. d4 Nf6 2. Nf3 b6 3. e3 Bb7 4. Bd3 c5 5. O-O g6 6. c4 Bg7 7. Nc3 O-O 8. d5 e6
9. e4 exd5 10. exd5 d6 11. Bf4 a6 12. h3 b5 13. cxb5 axb5 14. Bxb5 Ba6 15. Re1
Qb6 16. a4 Nh5 17. Bh2 Bxc3 18. bxc3 Bxb5 19. axb5 Rxa1 20. Qxa1 Nd7 21. c4 Nhf6
22. Re7 Qd8 23. Re1 Nb6 24. Qc1 Qd7 25. Qf4 Ne8 26. Nd2 Nc8 27. Bg3 Qa7 28. Ne4
Qa5 29. Rc1 Qa3 30. Qh6 Qb2 31. Bh4 f6 32. Qe3 Ne7 33. Bg3 Nf5 34. Qf4 Nd4 35.
Re1 Ne2+ 36. Rxe2 Qxe2 37. Nxd6 Nxd6 38. Qxd6 Qxc4 39. Qe6+ Kg7 40. b6 Rf7 41.
Qxf7+ Kxf7 42. b7 Qxd5 43. b8=Q h5 44. Qc7+ Ke6 45. h4 c4 46. Qb6+ Kf7 47. Qb4
Ke6 48. Qc3 Kf7 49. Kh2 Ke6 50. Qe3+ Kf7 51. Qa3 Ke6 52. Qa6+ Kf7 53. Qd6 Qe4
54. Qd7+ Kg8 55. Qd8+ Kf7 56. Qc7+ Kg8 57. f3 Qd4 58. Qd6 Qc3 59. Qe6+ Kg7 60.
Qe7+ Kg8 61. Bd6 Qd4 62. Qf8+ Kh7 63. Qf7+ Kh8 64. Bg3 c3 65. Qxg6 Qe5 66. Qh6+ 1-0

[Event "Women's Speed Chess Q3"]
[Site "chess.com INT"]
[Date "2021.05.30"]
[Round "11"]
[White "Sikorova, Olga"]
[Black "Nanditha, V"]
[Result "1-0"]
[WhiteTitle "WGM"]
[BlackTitle "WCM"]
[WhiteElo "2215"]
[BlackElo "1666"]
[WhiteFideId "307033"]
[BlackFideId "46626697"]
[EventDate "2021.05.30"]

1. c4 e6 2. g3 d5 3. Bg2 Nf6 4. Nf3 Be7 5. b3 dxc4 6. bxc4 c5 7. Bb2 Bd7 8. O-O
Bc6 9. Nc3 O-O 10. d3 a6 11. a4 Nbd7 12. a5 Re8 13. e3 Nf8 14. Qe2 Qc7 15. Nd2
Rad8 16. Nde4 Rd7 17. Rfd1 Red8 18. Nxf6+ Bxf6 19. Bf1 Ng6 20. f4 e5 21. f5 Ne7
22. e4 Rd6 23. Nd5 Nxd5 24. cxd5 Bb5 25. Qe3 Rc8 26. Rdc1 Rd7 27. h4 Be7 28. Kh2
Qd8 29. Kh3 h5 30. Be2 Rdc7 31. Qf2 Qd6 32. g4 hxg4+ 33. Kxg4 Qh6 34. Kh3 Rd7
35. Rc2 Rd6 36. Bxe5 Rd7 37. Bf4 Qh7 38. Bg4 c4 39. dxc4 Bxc4 40. Rac1 Rdc7 41.
Rc3 Rc5 42. Be5 f6 43. Bd4 R5c7 44. Bb6 Bc5 45. Bxc5 Rxc5 46. Qd4 Qh6 47. Rxc4
Rxc4 48. Rxc4 Rxc4 49. Qxc4 Qe3+ 50. Kg2 Qd2+ 51. Kg3 Qe3+ 52. Bf3 Qg1+ 53. Kf4
Qh2+ 54. Ke3 Qg1+ 55. Ke2 Qh2+ 56. Kd3 Qxh4 57. d6+ Kh7 58. d7 Qf2 59. d8=Q
Qxf3+ 60. Kc2 Qf2+ 61. Qd2 Qh4 62. Qde2 Kh6 63. Qcd3 Kh7 64. Qdd2 Kg8 65. Qh2
Qxe4+ 66. Qd3 Qa4+ 67. Qb3+ Qxb3+ 68. Kxb3 Kf7 69. Qc7+ Kg8 70. Qxb7 Kh7 71.
Qxa6 g6 72. Qb6 gxf5 73. a6 Kg6 74. a7 f4 75. a8=Q f3 76. Qxf3 Kg5 77. Qfxf6+
Kg4 78. Qbe6+ Kg3 79. Qg8+ Kh3 80. Qfh8# 1-0

[Event "Women's Speed Chess Q3"]
[Site "chess.com INT"]
[Date "2021.05.30"]
[Round "11"]
[White "Nomin-Erdene, Davaademberel"]
[Black "Vantika, Agrawal"]
[Result "0-1"]
[WhiteTitle "IM"]
[BlackTitle "WIM"]
[WhiteElo "2382"]
[BlackElo "2286"]
[WhiteFideId "4900782"]
[BlackFideId "25050389"]
[EventDate "2021.05.30"]

1. f4 Nf6 2. Nf3 g6 3. g3 Bg7 4. Bg2 O-O 5. O-O d6 6. d3 Nc6 7. e4 e5 8. Nc3 Re8
9. Ne2 d5 10. fxe5 Nxe5 11. Nxe5 Rxe5 12. Bf4 Re8 13. e5 Nh5 14. d4 Nxf4 15.
Nxf4 c6 16. c3 h5 17. Qf3 Bg4 18. Qf2 Qd7 19. Rae1 a5 20. h3 Be6 21. Kh2 b5 22.
Nd3 Bf8 23. b3 b4 24. Rc1 Bf5 25. Nf4 bxc3 26. Rxc3 a4 27. Nxh5 Be7 28. Nf4 axb3
29. axb3 Ra3 30. Rfc1 Rc8 31. Nxd5 Bg5 32. Nf6+ Bxf6 33. exf6 Ra6 34. d5 Qd6 35.
dxc6 Qxf6 36. b4 Qe5 37. c7 Kg7 38. Qc5 Qxc5 39. Rxc5 Rb6 40. b5 Bd7 41. Bf1 Kf6
42. Rd5 Ke6 43. Rd4 Ke7 44. Re1+ Be6 45. Rc1 Rb7 46. b6 Rxb6 47. Rd2 f5 48. Rdc2
Kd7 49. h4 Ke7 50. Bg2 Kd7 51. Rd1+ Ke7 52. Bf1 Bd7 53. Re2+ Be6 54. Bg2 Rxc7
55. Bd5 Rd6 56. Rde1 Rxd5 57. Rxe6+ Kf7 58. Kh3 Rcd7 59. Re8 Kg7 60. R8e6 Rf7
61. Rb1 Rd3 62. Rbb6 f4 63. Rxg6+ Kh7 64. Rh6+ Kg7 65. Rbg6+ Kf8 66. Rh8+ Ke7
67. Rhg8 f3 68. Ra8 f2 69. Ra1 f1=Q+ 70. Rxf1 Rxf1 71. h5 Kf7 72. Rg4 Rh1+ 73.
Kg2 Rxh5 74. Rf4+ Kg7 75. Rg4+ Kf6 76. Rf4+ Rf5 77. Ra4 Rd2+ 78. Kh3 Rd3 79.
Ra6+ Kg5 80. Ra8 Rff3 81. Rg8+ Kf6 82. Rg4 Kf7 83. Kh4 Rf6 84. Rg5 Rh6+ 85. Kg4
Rg6 86. Rxg6 Kxg6 87. Kf4 Rd6 88. g4 Rf6+ 89. Kg3 Kg5 90. Kh3 Rf4 91. Kg3 Rxg4+
92. Kf3 Rf4+ 93. Ke3 Kf5 94. Kd3 Re4 95. Kd2 Ke5 96. Kd3 Kd5 97. Kc3 Rd4 98. Kc2
Kc4 0-1

[Event "Women's Speed Chess Q3"]
[Site "chess.com INT"]
[Date "2021.05.30"]
[Round "11"]
[White "Samaganova, Alexandra"]
[Black "Ambartsumova, Karina"]
[Result "0-1"]
[WhiteTitle "WFM"]
[BlackTitle "IM"]
[WhiteElo "1993"]
[BlackElo "2382"]
[WhiteFideId "13800221"]
[BlackFideId "4166299"]
[EventDate "2021.05.30"]

1. c4 e6 2. Nc3 d5 3. e3 Nf6 4. Nf3 Be7 5. d4 b6 6. Be2 O-O 7. O-O c5 8. cxd5
exd5 9. b3 Be6 10. Bb2 Nbd7 11. Rc1 Rc8 12. dxc5 bxc5 13. Na4 c4 14. Nd4 cxb3
15. Nxb3 Nb6 16. Nac5 Bf5 17. Ba6 Rc7 18. Qd4 Re8 19. Rfd1 Qd6 20. h3 Bg6 21.
Nd3 Nbd7 22. Bb5 Rxc1 23. Rxc1 Rd8 24. Nf4 Nb6 25. Rc6 Qb8 26. Nxg6 hxg6 27. Rc1
Ne8 28. Bxe8 Bf6 29. Qd2 Rxe8 30. Bxf6 gxf6 31. Qd4 Qe5 32. Qc5 Rd8 33. Nd4 Qd6
34. Qc7 Qxc7 35. Rxc7 Ra8 36. Nb5 a5 37. Nd6 Rf8 38. Rb7 Nc4 39. Nxc4 dxc4 40.
Rc7 Rd8 41. Rxc4 Rd1+ 42. Kh2 Rd5 43. a4 Kg7 44. e4 Rd2 45. Kg3 Rd3+ 46. f3 Ra3
47. h4 Ra2 48. Kh3 Kg8 49. Rd4 Kg7 50. Kh2 Kg8 51. Kh3 Kg7 52. g3 Ra3 53. Kg4
Kg8 54. Kf4 Kg7 55. Kg4 Kg8 56. h5 gxh5+ 57. Kxh5 Rxf3 58. Kg4 Ra3 59. Kf4 Kg7
60. g4 Kg6 61. e5 fxe5+ 62. Kxe5 Kg5 63. Kd6 f6 64. Ke6 Re3+ 65. Kf7 Re5 66. Rc4
Rd5 67. Re4 Rc5 68. Rd4 f5 69. gxf5 Kxf5 70. Ke7 Ke5 71. Rh4 Kd5 72. Kd7 Rc4 73.
Rh5+ Kd4 74. Rxa5 Kc3 75. Ra8 Kb4 76. Kd6 Rc1 77. a5 Kb5 78. a6 Kb6 79. a7 Kb7
80. Rb8+ Kxa7 81. Rb2 Ra1 82. Rc2 Ra6+ 83. Kd5 Ra3 84. Kd4 Kb6 85. Rb2+ Kc6 86.
Rc2+ Kd6 87. Ke4 Ra4+ 88. Ke3 Kd5 89. Rd2+ Ke5 90. Rb2 Ra3+ 91. Kd2 Rh3 92. Kc1
Kd4 93. Rb4+ Kc3 0-1

[Event "Women's Speed Chess Q3"]
[Site "chess.com INT"]
[Date "2021.05.30"]
[Round "12"]
[White "Zhuravleva, Olga"]
[Black "Mkrtchian, Lilit"]
[Result "1/2-1/2"]
[WhiteTitle "WIM"]
[BlackTitle "IM"]
[WhiteElo "2278"]
[BlackElo "2388"]
[WhiteFideId "4145933"]
[BlackFideId "13300601"]
[EventDate "2021.05.30"]

1. e4 e6 2. d4 d5 3. Nd2 Be7 4. Bd3 c5 5. exd5 Qxd5 6. Ngf3 cxd4 7. O-O Nc6 8.
Nb3 Bd7 9. Re1 Nf6 10. Qe2 O-O 11. Bf4 Rad8 12. Bc4 Qg5 13. Bxg5 h6 14. Bh4 1/2-1/2

[Event "Women's Speed Chess Q3"]
[Site "chess.com INT"]
[Date "2021.05.30"]
[Round "12"]
[White "Vine, Elzbieta"]
[Black "Ulziikhishigjargal, Ochirkhuyag"]
[Result "0-1"]
[WhiteTitle "WFM"]
[BlackTitle "FM"]
[WhiteElo "2138"]
[BlackElo "2020"]
[WhiteFideId "1119320"]
[BlackFideId "4903188"]
[EventDate "2021.05.30"]

1. e4 d6 2. d4 Nf6 3. Nc3 g6 4. Bc4 Bg7 5. f4 O-O 6. Nf3 Na6 7. O-O c5 8. d5 Nc7
9. f5 a6 10. Bd3 b5 11. b3 b4 12. fxg6 Nb5 13. Nxb5 axb5 14. gxh7+ Nxh7 15. Ng5
Nxg5 0-1